000
00314nam a22001337a 4500
008
170615b xxu||||| |||| 00| 0 eng d
020
_a
0813382432
041
_a
eng
080
_a
329
100
_a
19
101
_a
SHP
245
_a
POLITICAL AND DEMOCRACY IN CENTRAL AMERICA
_c
GOODMAN.L.W
942
_2
udc
_c
BK
999
_c
17480
_d
17480